000
00211 a2200097 4500
001
48148
100
_a
Price, M.P
245
_a
A history of turkey
260
_a
London
_b
G allen unwin
_c
090
_c
31117
_d
31117
942
_a
NUST-CAE
_c
M
_c
23467
999
_c
283221
_d
283221